MARC

LEADER 00000nam0a2200000 4500
001 369730
005 20231102012218.0
035 |a (RuTPU)RU\TPU\retro\27137 
090 |a 369730 
100 |a 20220601d1982 m y0rusy50 ca 
101 0 |a rus 
102 |a RU 
105 |a a z 000ay 
200 1 |a Кортик  |e повесть  |f А. Н. Рыбаков  |g под ред. А. Д. Бородиной 
210 |a Кызыл  |c Тувкнигоиздат  |d 1982 
215 |a 252 с.  |c ил. 
606 1 |a Русская литература современная  |2 stltpush  |3 (RuTPU)RU\TPU\subj\26373  |9 50316 
610 1 |a художественная литература 
610 1 |a советская литература 
610 1 |a детская литература 
675 |a Р2  |v 4 
700 1 |a Рыбаков  |b А. Н.  |c русский писатель, романтист  |f 1911-1998  |g Анатолий Наумович  |2 stltpush  |3 (RuTPU)RU\TPU\pers\8222  |4 070  |9 1619 
702 1 |a Бородина  |b А. Д.  |4 340 
801 1 |a RU  |b 63413507  |c 20220601 
801 2 |a RU  |b 63413507  |c 20230126  |g RCR 
942 |c BK